9th International conference on currency, banking and international finance : challenges for financial sector of CEE countries in overcoming problems of economic integration in the EU conference proceedings : 20 and 21 september 2016, Bratislava, Slovak Republic
Uložené v:
| Korporácia: | , |
|---|---|
| Ďalší autori: | , , , |
| Médium: | Kniha |
| Jazyk: | English |
| Vydavateľské údaje: |
Bratislava
EKONÓM
2016
|
| Vydanie: | 1st ed. |
| Predmet: | |
| Tagy: |
Žiadne tagy, Buďte prvý, kto otaguje tento záznam!
|
MARC
| LEADER | 00000nlm a2200000 4500 | ||
|---|---|---|---|
| 001 | 0223021 | ||
| 005 | 20240514122242.4 | ||
| 020 | |a 978-80-225-4284-5 | ||
| 041 | 0 | |a eng | |
| 044 | |a SK | ||
| 245 | 1 | 0 | |a 9th International conference on currency, banking and international finance : challenges for financial sector of CEE countries in overcoming problems of economic integration in the EU |b conference proceedings : 20 and 21 september 2016, Bratislava, Slovak Republic |c edited by Jana Kotlebová, Mária Širaňová ; reviewers: Eva Horvátová ... [et al.] |
| 250 | |a 1st ed. | ||
| 264 | 1 | |a Bratislava |b EKONÓM |c 2016 | |
| 300 | |a CD-ROM [350 s., 21 AH] | ||
| 610 | 2 | 0 | |a financie medzinárodné |
| 610 | 2 | 0 | |a bankovníctvo |
| 610 | 2 | 0 | |a mena |
| 610 | 2 | 0 | |a integrácia ekonomická medzinárodná |
| 610 | 2 | 0 | |a politika menová |
| 610 | 2 | 0 | |a politika fiškálna |
| 610 | 2 | 0 | |a únie bankové |
| 610 | 2 | 0 | |a trh finančný medzinárodný |
| 610 | 2 | 0 | |a stabilita finančná |
| 610 | 2 | 0 | |a problémy globálne |
| 610 | 2 | 0 | |a geopolitika |
| 610 | 2 | 0 | |a stredná Európa |
| 610 | 2 | 0 | |a východná Európa |
| 610 | 2 | 0 | |a Európska únia |
| 700 | 1 | |a Kotlebová, Jana, 1969- | |
| 700 | 1 | |a Širaňová, Mária | |
| 700 | 1 | |a Horvátová, Eva, 1958- | |
| 700 | 1 | |a Chovancová, Božena | |
| 110 | 2 | |a Challenges for financial sector of CEE countries in overcoming problems of economic integration in the EU. International conference on currency, banking and international finance | |
| 710 | 2 | |a Národohospodárska fakulta EU. Katedra bankovníctva a medzinárodných financií | |